| 000 | 00979nas a2200337 4500 | ||
|---|---|---|---|
| 001 | BR0403657 | ||
| 003 | BR-BrBNA | ||
| 005 | 20231205104718.0 | ||
| 007 | ta | ||
| 008 | 230509b bl.|||p| |||| 00| 00por d | ||
| 040 |
_aBR-BrBNA _bpor _cBiblioteca Nacional de Agricultura |
||
| 041 | _a(Pt) | ||
| 072 | _aL02; L01 | ||
| 100 | 1 | _aSilva Sobrinho, A.G. da | |
| 100 | 1 | _aGastaldi, K.A. | |
| 100 | 1 | _aGarcia, C.A. | |
| 100 | 1 | _aMachado, M.R.F. | |
| 245 | 1 | _aDiferentes dietas e pesos ao abate na produção de órgãos de cordeiros | |
| 650 | _aCORDEIRO | ||
| 650 | _aDIETA | ||
| 650 | _aPESO | ||
| 650 | _aABATE | ||
| 650 | _aCARCAÇA | ||
| 650 | _aPRODUÇÃO ANIMAL | ||
| 650 | _aCONFINAMENTO | ||
| 650 | _aVOLUMOSOS | ||
| 650 | _aCONDIÇÃO CORPORAL | ||
| 773 | 0 |
_tRevista Brasileira de Zootecnia (Brazil) _xISSN 1516-3598 _g(Nov-Dec 2003), v. 32(6)Suplemento 1 p. 1792-1799 _wBR0403657 |
|
| 909 |
_a202311 _bLúcia _c55 _dLúcia Elande |
||
| 942 |
_2AGRIS _n0 _cANA |
||
| 999 |
_c179375 _d179375 |
||